000 00415nam a22001577a 4500
003 SGT
020 _a9788184890877
082 _a512.02,WAL
100 _aWALLACE D.A.R.
245 _aGROUPS,RINGS AND FIELDS
260 _aNEW DELHI
_bSPRINGER
_c2015
300 _a248
650 _aALGEBRA
653 _aSETS AND MAPPINGS, THE INTEGERS, INTRODUCTION TO RINGS, RINGS, TOPICS IN GROUP THEORY
942 _2ddc
_cFPS
999 _c9514
_d9514